01656nam a2200229 a 450000100100000000500170001000800410002704000250006810000510009324501750014426000870031930000170040650000730042370000510049604900090054795201700055695201700072695201730089695201700106995201700123999900170140900003087220200930062548.0110602s1939 inu 000 0 spa d aDO-SdBNPbspacBNPHU1 aSolórzano Pereira, Juan ded1575-165595740510aPolítica indiana /ccompuesta por el señor don Juan de Solórzano y Pereyra ; corregida,é ilustrada con notas por el licenciado don Francisco Ramiro de Valenzuela. aMadrid :aBuenos Aires :bCompañía ibero-americana de publicaciones,c[1939?]. av. ;c24 cm. aIncluye referencias bibliográficas y notas al pie de las páginas1 aValenzuela, Francisco Ramiro de,d1739,957406 aBNPD 001050718MOaGRbGRcCTd2011-06-02iLF1l0ov. 3p30872-30r2020-06-25w2020-06-25y1zPerteneció a la biblioteca personal de Julio Ortega Frier.ZNo se presta 001050718MOaGRbGRcCTd2011-06-02iLF1l0ov. 4p30872-40r2020-06-25w2020-06-25y1zPerteneció a la biblioteca personal de Julio Ortega Frier.ZNo se presta 001050718MOaGRbGRcCTd2011-06-02iLF1l0o p30872-50r2020-06-25te. 5w2020-06-25y1zPerteneció a la biblioteca personal de Julio Ortega Frier.ZNo se presta 001050718MOaPDbPDcCTd2011-06-02iLF1l0ov. 1p30872-10r2020-06-25w2020-06-25y1zPerteneció a la biblioteca personal de Julio Ortega Frier.ZNo se presta 001050718MOaPDbPDcCTd2011-06-02iLF1l0ov. 2p30872-20r2020-06-25w2020-06-25y1zPerteneció a la biblioteca personal de Julio Ortega Frier.ZNo se presta c30364d30364